000 00604nam a2200205Ia 4500
005 20250923144711.0
008 008 250917s9999 xx 000 0 eng d
037 _aTextual
040 _aDSWL
_beng
_cDSWL
041 _aeng
_2eng
084 _aY31:7:7.23144C, N59
_qDSWL
100 _aBhattacharyya, S.N.
_9827518
245 0 _aVillage on the March
_cby S.N. Bhattacharyya
260 _aDelhi
_bDelhi Metropolitan Book Co.
_c1959
300 _ax,66p.
365 _aINR
_b3.50
925 _g3.50
942 _cTEXL
_hY31:7:7.23144C, N59
999 _c1442230
_d1442230